000 00600nam a2200217Ia 4500
003 OSt
005 20230427165339.0
008 210423s2002 xx 000 0 und d
020 _a8177641840
040 _cAL
041 _aeng
082 _a363.73 ANJY
100 _aANJANEYULU (Y).
_994448
245 _aText book of air pollution and control technologies.
260 _aNew Delhi
_bAffiliated East West Press Ltd
_c2002
300 _axi,559
_bPB
365 _b285
_cINR
650 _aEnvironmental Problems
_994449
906 _aair ; control ; pollution ; technologies
942 _2ddc
_cBK
999 _c162772
_d162772